书目信息 |
| 题名: |
现代建筑
|
|
| 作者: | 艾弗里 著 ;严华 , 陈万蓉 译 | |
| 分册: | ||
| 出版信息: | 北京 中国建筑工业出版社 2008.04 |
|
| 页数: | 128页 | |
| 开本: | 21cm | |
| 丛书名: | 世界建筑三步曲 | |
| 单 册: | ||
| 中图分类: | TU-091.15 | |
| 科图分类: | ||
| 主题词: | 建筑史--jian zhu shi--世界--现代 | |
| 电子资源: | ||
| ISBN: | 978-7-112-07607-9 | |
| 000 | 01060nam 2200277 450 | |
| 001 | 012008036400 | |
| 005 | 20191108163522.75 | |
| 010 | @a978-7-112-07607-9@dCNY28.00 | |
| 100 | @a20080721d2008 em y0chiy0120 ea | |
| 101 | 1 | @achi@ceng |
| 102 | @aCN@b110000 | |
| 105 | @aa z 000yy | |
| 200 | 1 | @a现代建筑@Axian dai jian zhu@f(英) 德里克·艾弗里著@F(ying)de li ke·ai fu li zhu@g严华, 陈万蓉译@Gyan hua,chen wan rong yi |
| 210 | @a北京@c中国建筑工业出版社@d2008.04 | |
| 215 | @a128页@c图@d21cm | |
| 225 | 2 | @a世界建筑三步曲@Ashi jie jian zhu san bu qu |
| 306 | @a英国Caxton出版集团授权翻译出版 | |
| 330 | @a本书共八章,内容包括:现代建筑评价、住宅、教育与科研建筑、艺术与文化建筑、休闲与娱乐建筑、宗教建筑、政府与行政办公楼、办公建筑等。 | |
| 410 | 0 | @12001 @a世界建筑三步曲 |
| 606 | 0 | @a建筑史@Ajian zhu shi@y世界@z现代 |
| 690 | @aTU-091.15@v4 | |
| 701 | 1 | @a艾弗里@Aai fu li@g(Avery, Derek)@4著 |
| 702 | 0 | @a严华@Ayan hua@4译 |
| 702 | 0 | @a陈万蓉@Achen wan rong@4译 |
| 801 | 0 | @aCN@bQSSK@c20080721 |
| 905 | @b731104-08@dTU-091.15@eA343@f5 | |
| 现代建筑/(英) 德里克·艾弗里著/严华, 陈万蓉译.-北京:中国建筑工业出版社,2008.04 |
| 128页:图;21cm.-(世界建筑三步曲) |
| ISBN 978-7-112-07607-9:CNY28.00 |
| 本书共八章,内容包括:现代建筑评价、住宅、教育与科研建筑、艺术与文化建筑、休闲与娱乐建筑、宗教建筑、政府与行政办公楼、办公建筑等。 |
| ● |
| 相关链接 |
|
|
|
正题名:现代建筑
索取号:TU-091.15/A343
 
预约/预借
| 序号 | 登录号 | 条形码 | 馆藏地/架位号 | 状态 | 备注 |
| 1 | 1307895 | 213078952 | 建筑库101/101建筑库 4排4列3层/ [索取号:TU-091.15/A343] | 在馆 | |
| 2 | 1307896 | 213078961 | 建筑库101/101建筑库 4排4列3层/ [索取号:TU-091.15/A343] | 在馆 | |
| 3 | 1307897 | 213078970 | 建筑库101/101建筑库 4排4列3层/ [索取号:TU-091.15/A343] | 在馆 | |
| 4 | 1307898 | 213078989 | 建筑库101/101建筑库 4排4列3层/ [索取号:TU-091.15/A343] | 在馆 | |
| 5 | 1307899 | 213078998 | 建筑库101/101建筑库 4排4列3层/ [索取号:TU-091.15/A343] | 在馆 | |
| 6 | 1307900 | 213079005 | 建筑库101/101建筑库 4排4列3层/ [索取号:TU-091.15/A343] | 在馆 | |
| 7 | 731104 | 207311041 | 建筑库101/101建筑库 4排4列3层/ [索取号:TU-091.15/A343] | 在馆 | |
| 8 | 731105 | 207311050 | 建筑库101/101建筑库 4排4列3层/ [索取号:TU-091.15/A343] | 在馆 | |
| 9 | 731106 | 207311069 | 建筑库101/101建筑库 4排4列3层/ [索取号:TU-091.15/A343] | 在馆 | |
| 10 | 731107 | 207311078 | 建筑库101/101建筑库 4排4列3层/ [索取号:TU-091.15/A343] | 在馆 | |
| 11 | 731108 | 207311087 | 建筑库101/101建筑库 4排4列3层/ [索取号:TU-091.15/A343] | 在馆 |